Κατάλογος Βιβλιοθηκών Mediterranean College

Ελληνικό Φορολογικό Δίκαιο / Θεμελιώσεις, Φορολογική Διαδικασία, Εφαρμογές. (Record no. 3702)

MARC details
000 -LEADER
fixed length control field 02022cam a22001934a 4500
005 - ΗΜΕΡΟΜΗΝΙΑ ΚΑΙ ΩΡΑ ΤΕΛΕΥΤΑΙΑΣ ΕΝΗΜΕΡΩΣΗΣ
Πεδίο ελέγχου 20250605164123.0
008 - FIXED-LENGTH DATA ELEMENTS--GENERAL INFORMATION
Πεδίο ελέγχου σταθερού μήκους 250528s ||||||||||||||||||||||||d
035 ## - SYSTEM CONTROL NUMBER
System control number 18339
020 ## - ISBN
ISBN 9604201697
040 ## - ΠΗΓΗ ΚΑΤΑΛΟΓΟΓΡΑΦΗΣΗΣ
Φορέας πρωτότυπης καταλογογράφησης MC Athens Campus Library
Γλώσσα καταλογογράφησης Ελληνικά, Μοντέρνα (1453-)
Modifying agency MC Athens Campus Library
Κανόνες περιγραφικής καταλογογράφησης AACR2
245 1# - ΤΙΤΛΟΣ ΚΑΙ ΔΗΛΩΣΗ ΥΠΕΥΘΥΝΟΤΗΤΑΣ
Τίτλος Ελληνικό Φορολογικό Δίκαιο / Θεμελιώσεις, Φορολογική Διαδικασία, Εφαρμογές.
Number of part/section of a work Τόμος I
260 ## - PUBLICATION, DISTRIBUTION, ETC.
Name of publisher, distributor, etc. Π. Ν. Σάκκουλας,
Date of publication, distribution, etc. 2002
300 ## - PHYSICAL DESCRIPTION
Extent 480
520 ## - SUMMARY, ETC.
Summary, etc. Κράτος Δικαίου και Φορολογικό Δίκαιο, Βάσεις και Πηγές του Φορολογικού Δικαίου, Γενικοί Καθορισμοί, Γενική Θεώρηση της Διοικητικής Φορολογικής Διαδικασίας, Αντικείμενο και Καθορισμοί του Διεθνούς και Κοινοτικού Φορολογικού Δικαίου, Φορολογία Εισοδήματος Φυσικών Προσώπων, Φορολογία Εισοδήματος Νομικών Προσώπων, Κώδικας Βιβλίων Στοιχείων, Φόρος Προστιθέμενης Αξίας, Κυρώσεις και Φορολογικό Ποινολόγιο, Φορολογική Δήλωση και Οργάνωση των Δημόσιων Οικονομικών Υπηρεσιών, Ειδικά Φορολογικά Θέματα Ασφαλιστικών Επιχειρήσεων (Η Ασφαλιστική Επιχείρηση Διαμέσου της Φορολογίας), Ειδικά Φορολογικά Θέματα Τραπεζών και Χρηματοοικονομικών Επιχειρήσεων (Η Τραπεζική Λειτουργία στο Φορολογικό Δίκαιο), Ειδικά Φορολογικά Θέματα Πλοίων και Θαλάσσιων Μεταφορών.
700 1# - ΠΡΟΣΘΕΤΗ ΑΝΑΓΡΑΦΗ--ΦΥΣΙΚΟ ΠΡΟΣΩΠΟ
Personal name Κόντος-Μάναλης Λεονάρδος Αρ
9 (RLIN) 4611
942 ## - ADDED ENTRY ELEMENTS (KOHA)
Koha item type Books
Holdings
Τύπος τεκμηρίου Βιβλιοθήκη Τρέχουσα τοποθεσία Barcode Αριθμός εισαγωγής Ημερομηνία απόκτησης Ταξιθετικό σύμβολο Αριθμός αντιτύπου Κατάσταση απόσυρσης Κατάσταση χαμένου Κατάσταση κατεστραμμένου Μη δανεισμός Σύνολο δανεισμών Ημερομηνία τελευταίας εμφάνισης Η τιμή ισχύει από
Books MC Athens Campus Library MC Athens Campus Library 9780000037015 2958 05/06/2025 342.06 KON V.I 1           05/06/2025 05/06/2025

MC Athens Campus Library
Πατησίων 94 & Κοδριγκτώνος 13, 104 34
Πελλήνης 8 & Πατησίων 107, 112 51
Τ: +30 210 8899600

MC Thessaloniki Campus Library
Ίωνος Δραγούμη 21, 54625 | Ίωνος Δραγούμη 15, 54625
Τ: +30 2310 287779 – Τ: +30 2314 440300